000
00309nam a22001337a 4500
008
170405b xxu||||| |||| 00| 0 eng d
020
_a
0.12.324682.2
041
_a
eng
080
_a
574
100
_a
9
101
_a
SHM
245
_a
INTRODUCTION TO ECOLOGICAL BIOCHEMISTRY
_c
HARBORNE, J.B
942
_2
udc
_c
BK
999
_c
9763
_d
9763